[Event "42nd Arco Festival 2020"]
[Site "Arco"]
[Date "2020.10.14"]
[Round "6.2"]
[White "Perestjuk, Marko"]
[Black "Mantovani, Renzo"]
[Result "1-0"]
[WhiteElo "2124"]
[BlackElo "2294"]
[Annotator "TA"]
[PlyCount "93"]
[EventDate "2020.10.10"]
[EventType "swiss"]
[EventCountry "ITA"]
[SourceTitle "playchess.com"]
[Source "ChessBase"]
[SourceQuality "1"]

{[%evp 10,93,21,9,37,-6,-6,-6,0,0,0,-13,16,14,22,10,18,0,22,0,23,33,39,37,72,59,131,133,158,156,165,156,168,165,176,136,148,143,145,130,174,135,138,144,154,38,62,68,82,56,57,48,87,-42,-44,-39,-44,-43,172,178,212,121,166,119,157,108,109,0,0,0,218,172,186,181,528,511,1092,1071,1131,1131,3311,3294,3129,3326,2511,2162]} 1. e4 c5 2. Nf3 d6 3. Bb5+ Nc6 4. Bxc6+ bxc6 5. O-O Bg4 6. h3 Bh5 {B51: Sicilian: Moscow Variation (3 Bb5+) without 3...Bd7.} 7. e5 dxe5 8. g4 e4 {The position is equal. 8...Bg6 deserves study.} 9. gxh5 {Threatens to win with Ng5.} exf3 10. Nc3 e6 {( -> ...Qg5+)} (10... Qd7 {seems wilder.} 11. Qxf3 Nh6 12. Ne4 Nf5 13. Nxc5 Qd5) 11. Qxf3 Ne7 12. d3 Nd5 13. Ne4 Be7 {[#]} 14. a3 $146 ({Predecessor:} 14. Re1 O-O 15. a3 Kh8 16. h6 gxh6 17. c4 Nf6 18. Bxh6 Rg8+ 19. Kh1 Rg6 20. Bf4 {0-1 (41) Reinderman,D (2575)-Spoelman,W (2557) Amsterdam 2013}) 14... f5 15. Nd2 Bf6 16. Re1 Kf7 17. Nc4 Qb8 (17... Re8 $14) 18. Be3 $16 Be7 19. Re2 Re8 20. Rae1 Bd6 21. Kh1 Qc7 22. Bd2 Qd7 23. Bc1 Bc7 24. b3 Re7 25. Bb2 Rae8 26. a4 Nb6 27. Ne3 ({Don't play} 27. Nxb6 $6 axb6 28. h6 g6 $11) (27. Ne5+ $16 Bxe5 28. Rxe5) 27... Qd6 {[%csl Gc7][%cal Rd6h2]} 28. Qg2 $40 {[%csl Gb2][%cal Rg2g7][%mdl 128] White has some attack.} Kf8 29. Rg1 {[%cal Rb2g7]} Qd7 30. Qg5 Nd5 {[#] White should prevent ...Nf4.} 31. Nc4 ({White should play} 31. Nxf5 $1 $16 exf5 {[#]} 32. Bxg7+ $1 {[%mdl 512]} Kf7 33. Rxe7+ Rxe7 34. Bb2) 31... Nf4 $15 32. Re3 Qd5+ $1 33. f3 {[%cal Rb2g7]} Qd7 $2 (33... Nxh3 $15 {stays ahead.} 34. Bxg7+ Kg8) 34. h6 $18 g6 35. Rge1 ({Better is} 35. Qf6+ $18 Rf7 36. Ne5 Bxe5 37. Qxe5 {[%mdl 64] Double Attack}) 35... Nd5 36. R3e2 Rf7 37. h4 Bf4 38. Bg7+ (38. Ne5 $16 Qc7 39. Qg2) 38... Kg8 39. Qg1 Bd6 $2 (39... Qe7 $11 {and Black is okay.} 40. Qf2 Nf6) 40. Nxd6 Qxd6 41. Be5 Qd8 $2 (41... Qf8 {is tougher.} 42. Qg5 Qe7 43. Qxe7 Rfxe7) 42. h5 {White is clearly winning.} g5 (42... Rf6 $142 43. Rg2 Kf7 44. Qxc5 {[%mdl 64] Double Attack} Qb6) 43. Rg2 g4 {[#]} 44. Rxg4+ $1 {[%mdl 512]} Kf8 (44... fxg4 45. Qxg4+) 45. Rg8+ Ke7 46. Qxc5+ {[%mdl 64] Double Attack} Kd7 47. Qxa7+ {Av CentiPawn Loss W=-29/B=-48. Weighted=-24/-46} 1-0

[Event "42nd Arco Festival 2020"]
[Site "Arco"]
[Date "2020.10.15"]
[Round "6.2"]
[White "Voltolini, Giuseppe"]
[Black "Heinert, Eugen"]
[Result "0-1"]
[WhiteElo "2120"]
[BlackElo "2204"]
[Annotator "ChessBase"]
[PlyCount "82"]
[EventDate "2020.10.10"]
[EventType "swiss"]
[EventCountry "ITA"]
[SourceTitle "playchess.com"]
[Source "ChessBase"]
[SourceQuality "1"]
[TimeControl "40/5400+30:1800+30"]

1. d4 Nf6 2. c4 Nc6 3. Nf3 e6 4. g3 d5 5. Bg2 dxc4 6. Qa4 Bb4+ 7. Bd2 Bd6 8. Nc3 O-O 9. Qxc4 a6 10. e4 e5 11. d5 Ne7 12. h3 c6 13. dxc6 Be6 14. Qe2 Nxc6 15. O-O Rc8 16. Rfd1 Nd4 17. Nxd4 exd4 18. Nd5 Nxd5 19. exd5 Bf5 20. Qf3 Qd7 21. g4 Bc2 22. Re1 Qb5 23. b3 Qd3 24. Qxd3 Bxd3 25. Rac1 Bc2 26. Be4 d3 27. Rf1 Rfe8 28. Rce1 Re7 29. Bf5 Rce8 30. Rxe7 Rxe7 31. Re1 Rxe1+ 32. Bxe1 Bf4 33. Kf1 Bb1 34. a4 g6 35. Be4 g5 36. d6 Bxd6 37. Bd2 b6 38. Bb7 a5 39. Ba6 Bc2 40. Bc4 Kf8 41. Bxg5 Bb4 0-1

[Event "42nd Arco Festival 2020"]
[Site "Arco"]
[Date "2020.10.15"]
[Round "6.3"]
[White "Podetti, Davide"]
[Black "Siebrecht, Sebastian"]
[Result "0-1"]
[WhiteElo "2190"]
[BlackElo "2416"]
[Annotator "TA"]
[PlyCount "80"]
[EventDate "2020.10.10"]
[EventType "swiss"]
[EventCountry "ITA"]
[SourceTitle "playchess.com"]
[Source "ChessBase"]
[SourceQuality "1"]

{[%evp 9,80,44,61,36,29,-4,-6,-11,-14,-22,-30,-11,-21,-18,-2,17,0,20,0,-127,-135,-153,-159,-147,-147,-175,-185,-185,-179,-187,-193,-216,-209,-240,-128,-148,-60,-60,-45,-47,-45,-45,-45,-43,-32,-35,-44,-45,-43,-44,-45,-43,-46,-52,-47,-93,-20,-43,-43,-59,-43,-45,-29,-31,-20,-43,-43,-43,-43,-58,-39,-29998,-29999]} 1. e4 g6 2. d4 Bg7 3. Nc3 d6 4. Be3 a6 5. Qd2 Nd7 6. h3 {B06: Modern Defence.} b5 7. Bd3 Bb7 8. Nf3 {The position is equal.} c5 9. a3 c4 10. Be2 Ngf6 {[#]} 11. e5 $146 ({Predecessor:} 11. d5 Nc5 12. Bxc5 dxc5 13. e5 Nxd5 14. O-O-O Nxc3 15. Qxc3 Qc7 16. h4 h6 17. Rhe1 {1-0 (33) Brod,M (2211)-Bachlechner,J (2214) Playchess.com INT 2020}) 11... dxe5 12. dxe5 Ne4 $36 {[%mdl 2048] Black has good play.} 13. Nxe4 Bxe4 14. Rd1 (14. Bh6 $11 {remains equal.} O-O 15. e6) 14... Nxe5 $17 15. Bd4 Nxf3+ 16. Bxf3 Bxf3 17. Bxg7 Bxd1 18. Bxh8 Qxd2+ 19. Kxd2 {[%mdl 4096] Endgame KRB-KRB} O-O-O+ 20. Kc3 Bxc2 $1 {aiming for ...Bb3.} 21. Bd4 {[#]} Be4 (21... Bb3 $1 $19 {And now ...b4+! would win.} 22. Bb6 Rd6) 22. f3 e5 (22... Bf5 $17 23. Re1 Rd7) 23. Bxe5 $15 Rd3+ 24. Kb4 Kb7 25. a4 ({Don't play} 25. fxe4 Kb6 $17) 25... Rb3+ 26. Kc5 Bf5 27. axb5 Rxb5+ 28. Kd6 Rb6+ 29. Kc5 Be6 {White must now prevent ...Rb5+.} 30. Bc3 Rb5+ 31. Kd4 Rg5 32. g4 h5 ({Black should try} 32... Rd5+ $17 33. Ke4 Rd3) 33. Ke4 Rd5 34. Bd4 Kc6 35. Ra1 a5 36. Bc3 Kb6 37. Ra4 hxg4 38. hxg4 Rd3 39. f4 f6 {[%csl Gd3][%cal Re6d5]} 40. f5 $2 {[%mdl 8192] [#]} (40. Bxf6 $15 Kb5 41. Ra3) 40... Bd5+ {Av CentiPawn Loss W=-41/B=-8. Weighted=-100/-9} 0-1

[Event "42nd Arco Festival 2020"]
[Site "Arco"]
[Date "2020.10.15"]
[Round "6.4"]
[White "Romanishin, Oleg M"]
[Black "Rozman, Monika"]
[Result "1-0"]
[WhiteElo "2403"]
[BlackElo "2129"]
[Annotator "RC"]
[PlyCount "87"]
[EventDate "2020.10.10"]
[EventType "swiss"]
[EventCountry "ITA"]
[SourceTitle "playchess.com"]
[Source "ChessBase"]
[SourceQuality "1"]
[TimeControl "40/5400+30:1800+30"]

1. Nf3 Nf6 2. g3 g6 3. Bg2 Bg7 4. c4 c6 5. d4 O-O 6. O-O d5 7. cxd5 cxd5 8. Ne5 Nc6 9. Nc3 Bf5 10. Nxc6 bxc6 11. Na4 Nd7 12. Bf4 e5 13. dxe5 Nxe5 14. Rc1 Rc8 15. b3 Re8 16. Qd2 Qe7 17. Rfe1 Nd7 18. Be3 Nf6 19. Nc5 Ng4 20. Bd4 Bh6 21. e3 Bg7 22. Bxg7 Kxg7 23. e4 dxe4 24. Nxe4 Qd8 25. Nd6 Rxe1+ 26. Rxe1 Rb8 27. Re8 Qxd6 28. Qxd6 Rxe8 29. Qd4+ Kg8 30. Qd2 Ne5 31. Qc3 Nd3 32. Bf1 Ne5 33. h3 Be4 34. Bg2 Bf5 35. g4 Bb1 36. Qe3 Re6 37. Qxa7 Nd3 38. a4 Re1+ 39. Kh2 c5 40. a5 h5 41. gxh5 gxh5 42. a6 Re2 43. Qb8+ Kh7 44. a7 1-0

[Event "42nd Arco Festival 2020"]
[Site "Arco"]
[Date "2020.10.15"]
[Round "6.5"]
[White "Dittmar, Peter"]
[Black "Molina, Fabrizio"]
[Result "1/2-1/2"]
[WhiteElo "2222"]
[BlackElo "2181"]
[Annotator "TA"]
[PlyCount "40"]
[EventDate "2020.10.10"]
[EventType "swiss"]
[EventCountry "ITA"]
[SourceTitle "playchess.com"]
[Source "ChessBase"]
[SourceQuality "1"]

{[%evp 24,40,-19,-19,0,-26,-22,-29,-38,-24,-34,-18,-13,-16,-16,-26,0,0,-11]} 1. c4 d6 2. g3 e5 3. Bg2 Nc6 4. Nc3 g6 5. Nf3 Bg7 6. O-O Nf6 7. d3 O-O 8. Bg5 h6 9. Bxf6 Bxf6 10. Rb1 a5 11. a3 Bg7 12. b4 axb4 13. axb4 Re8 {[#] 13...Ne7 is the modern continuation. A26: English Opening vs King's Indian with ...Nc6 and d3.} 14. Qc2 $146 ({Predecessor:} 14. b5 Ne7 15. e3 c6 16. Nd2 Bf5 17. Qc2 Qd7 18. bxc6 bxc6 19. Nb3 Reb8 20. h4 Rb4 21. Nd2 Rxb1 22. Rxb1 {1-0 (64) Moskalenko,A (2515)-Artemiev,V (2716) chess.com INT 2020}) 14... Nd4 15. Nxd4 exd4 {Black has an edge.} 16. Nd5 c6 17. Nf4 Bg4 18. Bf3 Bxf3 19. exf3 Qb6 20. b5 {Black should prevent bxc6.} Qc5 1/2-1/2

[Event "42nd Arco Festival 2020"]
[Site "Arco"]
[Date "2020.10.15"]
[Round "6.6"]
[White "Briata, Federico"]
[Black "Sedina, Elena"]
[Result "0-1"]
[WhiteElo "2090"]
[BlackElo "2299"]
[Annotator "TA"]
[PlyCount "44"]
[EventDate "2020.10.10"]
[EventType "swiss"]
[EventCountry "ITA"]
[SourceTitle "playchess.com"]
[Source "ChessBase"]
[SourceQuality "1"]

{[%evp 9,44,47,45,45,54,37,39,47,65,0,0,0,0,-7,18,45,27,-84,-80,-117,-111,-117,-115,-118,-120,-102,-102,-99,-97,-91,-75,-412,-416,-511,-512,-1131,-1116]} 1. e4 e6 2. d4 d5 3. Nd2 a5 4. Bd3 a4 5. Ngf3 Be7 6. O-O {C03: French Tarrasch: Unusual Black 3rd moves.} Nf6 7. c4 {[#]} c5 $146 ({Predecessor:} 7... dxe4 8. Nxe4 Nc6 9. Be3 a3 10. bxa3 Rxa3 11. Nxf6+ gxf6 12. Re1 Nb4 13. Bf1 b6 {0-1 (66) Dominguez Perez,L (2754)-Nepomniachtchi,I (2721) Beijing 2013}) 8. cxd5 {White is slightly better.} exd5 9. e5 (9. exd5 $14 cxd4 10. Nxd4) 9... Nfd7 $11 10. Re1 Nc6 11. Bb5 cxd4 (11... O-O {feels hotter.} 12. Bxa4 cxd4 13. Bxc6 bxc6 14. Nxd4 Nb8) 12. e6 fxe6 {And now ...0-0 would win.} 13. Rxe6 (13. Bxc6 $1 $11 {keeps the balance.} bxc6 14. Nxd4 {[%mdl 64] Double Attack}) 13... O-O $17 14. Bxc6 bxc6 15. Nxd4 {[#]} Nb8 $1 16. Nxc6 Nxc6 17. Rxc6 Bb7 18. Rc3 d4 {[%mdl 1024] Black has strong compensation.} 19. Rd3 Bc5 $40 {[%mdl 128] Black attacks with force.} 20. Qh5 $2 {[%mdl 8192]} (20. Nf3 $17) 20... Qe7 $19 {( -> ...Qe1+)} 21. Nf1 {[#]} Qe1 $1 {[%mdl 512]} 22. Qh4 (22. Rd2 $142 Ba6 23. Qd1) 22... Ba6 {Av CentiPawn Loss W=-72/B=-4. Weighted=-68/-3} 0-1

[Event "42nd Arco Festival 2020"]
[Site "Arco"]
[Date "2020.10.15"]
[Round "6.7"]
[White "Mantovani, Renzo"]
[Black "Astengo, Corrado"]
[Result "1-0"]
[WhiteElo "2294"]
[BlackElo "2093"]
[Annotator "TA"]
[PlyCount "59"]
[EventDate "2020.10.10"]
[EventType "swiss"]
[EventCountry "ITA"]
[SourceTitle "playchess.com"]
[Source "ChessBase"]
[SourceQuality "1"]

{[%evp 11,59,33,90,30,23,-141,-151,-153,51,21,54,14,252,238,274,240,273,297,258,72,160,58,227,167,287,300,283,288,275,226,314,287,310,326,340,348,354,385,385,348,485,464,660,639,783,782,852,668,1008,983]} 1. b3 e5 2. Bb2 Nc6 3. e3 d5 4. Bb5 Bd6 5. f4 Qe7 6. Nf3 Bg4 (6... f6 $14) 7. fxe5 {A01: Nimzowitsch-Larsen Opening.} (7. O-O $1 $16) 7... Bxe5 $11 8. Nxe5 $2 (8. Bxe5 $11 Bxf3 9. Qxf3 Qxe5 10. d4) 8... Bxd1 $17 9. Nxc6 {[#]Black is clearly better.} bxc6 $2 ({Black should play} 9... Qg5 $1 $17 10. O-O Nh6 11. Nxa7+ Ke7 12. Rxd1 Rxa7) 10. Bxc6+ $14 {[%mdl 64] Double Attack} Kd8 $1 {And now ...Rb8 would win.} 11. Bxa8 {[#] Strongly threatening 0-0.} Qh4+ $146 (11... Bxc2 $11 12. O-O (12. Bxg7 $2 Qh4+ 13. g3 Qg4 $19) 12... Nf6) ({Predecessor:} 11... Bxc2 12. O-O Nf6 13. Bxf6 gxf6 14. Bxd5 Rg8 15. Nc3 f5 16. Rf4 Bd3 17. Rd4 Be4 18. Bxf7+ {1-0 (24) Morales,M (1715)-Sotelo Rojas,R (1947) Villa Martelli 2011}) 12. Kxd1 $18 Qg4+ 13. Kc1 Qxg2 {[%cal Rg2h1]} 14. Rd1 Ne7 15. c4 $2 (15. Nc3 $18 {and White stays clearly on top.}) 15... c6 $16 {[#]} 16. cxd5 (16. Ba3 $1 $16) 16... cxd5 $2 (16... Qxd5 $14 17. Nc3 (17. Bxg7 Rg8 $14) 17... Qa5) 17. Bb7 Kc7 (17... Qxh2 $142 18. Ba6 (18. Bxg7 Qc7+ {[%mdl 64] Double Attack} 19. Kb2 Rg8 $11) 18... f6) 18. Ba6 $18 Kb6 19. Bd3 Rc8+ 20. Bc2 f6 21. Nc3 Nc6 22. Na4+ ({Not} 22. Bxh7 g6 $14) 22... Kc7 23. Bc3 ({Less strong is} 23. Bxh7 d4 $18) 23... Qxh2 24. Kb2 Qd6 25. Rh1 d4 26. exd4 {White is clearly winning.} h6 (26... Nxd4 $142 27. Rxh7 Rg8) 27. Rag1 Kb8 28. Rxg7 Nxd4 29. Be4 {Hoping for Rb7+.} Re8 30. Rxh6 {Av CentiPawn Loss W=-40/B=-80. Weighted=-36/-99} 1-0

[Event "42nd Arco Festival 2020"]
[Site "Arco"]
[Date "2020.10.15"]
[Round "6.8"]
[White "Cardili, Mariano"]
[Black "Vezzosi, Paolo"]
[Result "0-1"]
[WhiteElo "2087"]
[BlackElo "2262"]
[Annotator "TA"]
[PlyCount "80"]
[EventDate "2020.10.10"]
[EventType "swiss"]
[EventCountry "ITA"]
[SourceTitle "playchess.com"]
[Source "ChessBase"]
[SourceQuality "1"]

{[%evp 9,80,78,76,71,84,29,34,0,25,25,38,7,24,37,48,36,28,0,41,2,14,0,45,27,43,46,38,0,0,0,24,28,44,-56,0,0,47,-61,-61,-45,-29,-145,-35,-42,-37,-43,0,0,12,-95,-90,-235,-5,-24,0,-6,0,0,0,-93,-70,-138,-137,-116,-122,-195,-196,-5413,-5410,-5406,-5406,-1568,-1443]} 1. d4 g6 2. c4 Bg7 3. Nc3 c5 4. d5 Bxc3+ 5. bxc3 Qa5 6. Qc2 {A40: Unusual replies to 1 d4.} f5 7. e3 ({Better is} 7. e4 $16) 7... Nf6 8. Bd3 {White is slightly better.} d6 9. Nf3 Nbd7 10. Bd2 Ne5 11. Nxe5 dxe5 {[#]} 12. e4 $146 {[%cal Re4f5]} ({Predecessor:} 12. f3 Bd7 13. a4 Kf7 14. O-O h5 15. e4 f4 16. Bxf4 exf4 17. e5 Rh6 18. Rfe1 Nxd5 19. cxd5 {0-1 (77) Kowalczyk,W (1738)-Major,B (1765) Warsaw 2013}) 12... f4 13. g3 f3 14. h4 Bd7 15. Bg5 (15. Rb1 {keeps more tension.} O-O-O 16. Qb2 Qc7 17. Bg5 Rdf8 18. Qd2) 15... Qa6 16. Bxf6 Qxf6 17. Bf1 O-O 18. Bh3 Bxh3 19. Rxh3 Qa6 20. Qb3 Rf6 {With the idea ...Rb6.} 21. Qb5 (21. a4 $1 $14) 21... Qa3 (21... Qxb5 $15 22. cxb5 a6) 22. Qb3 $11 Qa5 23. Kd2 (23. a4 $1 $14) 23... Rb6 $15 24. Qc2 Qa6 25. Ke3 (25. Rhh1 $11) 25... Rf8 ({Of course not} 25... Qxc4 $6 26. h5 $11) (25... Qa3 $1 $17 {...Rf8 is the strong threat.} 26. g4 Rb2) 26. Rhh1 $1 Qxc4 27. Rhb1 Rxb1 28. Rxb1 {[%mdl 4096] Endgame KQR-KQR} b6 29. a4 {[#]} (29. Re1 $11 {remains equal.}) 29... Rf6 $1 $40 {[%mdl 128] Black is out for blood.} 30. a5 (30. Rb2 $17 {was worth a try.}) 30... b5 $2 (30... bxa5 $19 {aiming for ...Rb6.} 31. Qd3 Qa2) 31. Qd3 $11 Qxd3+ 32. Kxd3 {KR-KR} c4+ 33. Ke3 a6 34. Rg1 (34. Rd1 $11 {keeps the balance.}) 34... Kf7 $17 35. g4 (35. Rh1 $15) 35... Rf4 36. Rg3 Ke8 37. h5 {[#]} (37. Rg1 $17 {keeps fighting.}) 37... g5 $1 $19 38. Rxf3 $2 (38. Rg1) 38... Rxf3+ {Black is clearly winning.} 39. Kxf3 Kd7 40. Ke3 Kd6 {Av CentiPawn Loss W=54/B=-26. Weighted=-11/-27} 0-1

[Event "42nd Arco Festival 2020"]
[Site "Arco"]
[Date "2020.10.15"]
[Round "6.10"]
[White "Lochte, Thomas"]
[Black "Trabattoni, Franco"]
[Result "1/2-1/2"]
[WhiteElo "2045"]
[BlackElo "2246"]
[Annotator "TA"]
[PlyCount "95"]
[EventDate "2020.10.10"]
[EventType "swiss"]
[EventCountry "ITA"]
[SourceTitle "playchess.com"]
[Source "ChessBase"]
[SourceQuality "1"]

{[%evp 11,95,-3,0,-14,-1,-30,0,0,29,25,105,114,141,121,222,220,209,186,304,308,285,293,311,319,316,317,323,309,288,281,303,257,298,263,319,316,262,284,385,199,199,193,708,352,424,429,430,416,406,413,490,517,515,489,499,202,202,202,202,93,96,95,92,47,47,47,47,47,47,47,55,14,14,14,14,14,154,70,70,70,70,70,70,71,71,0]} 1. e4 d6 2. d4 Nf6 3. Nc3 g6 4. Be2 Bg7 5. Be3 O-O 6. g4 c5 7. g5 {B07: Pirc Defence: Miscellaneous Systems.} Nfd7 8. d5 a6 9. a4 {[#] The position is equal.} Qa5 $146 {aiming for ...Qb4.} (9... Qb6 $5 {[%cal Rb6b2]} 10. Bd2 c4 $11) ({Predecessor:} 9... Qb6 10. Bd2 Re8 11. f3 Nf8 12. a5 Qd8 13. h4 f5 14. Na4 fxe4 15. fxe4 Nbd7 {1-0 (28) Pueschel,W (2123)-Neubart,T (1834) Berlin 2006}) 10. Bd2 f6 (10... Qb4 $11 {remains equal.}) 11. h4 $16 c4 12. Nf3 Ne5 {[#]} (12... fxg5 $16 13. hxg5 Qb6) 13. Nxe5 $1 $18 fxe5 14. Bg4 (14. Bxc4 $6 Qb6 $14) 14... Qb6 (14... Qc5 $142 15. Be3 Bxg4 16. Qxg4 Qc8) 15. Rh2 Qd8 16. h5 Bxg4 17. Qxg4 Qc8 18. Qh4 Qe8 19. hxg6 Qxg6 20. O-O-O Nd7 21. Rdh1 Rf7 22. Ne2 (22. Qxh7+ Qxh7 23. Rxh7 Rxf2 $16) 22... Nc5 23. Ng3 ({Worse is} 23. Qxh7+ Qxh7 24. Rxh7 Nxe4 $11) 23... Raf8 24. Be3 ({Much less strong is} 24. Qxh7+ $6 Qxh7 25. Rxh7 Rxf2 $16) 24... Nxa4 25. Qxh7+ (25. Qg4 $142) 25... Qxh7 26. Rxh7 Rc8 $2 (26... b5 27. g6 Rf6) 27. Nf5 (27. g6 $142 Rf6 28. Bh6 Rxg6 29. Bxg7) 27... Rxf5 28. exf5 Rf8 29. f6 exf6 30. g6 Re8 31. Bh6 Bxh6+ 32. R1xh6 {[%mdl 4096] Endgame KRR-KRN} ({Weaker is} 32. R7xh6 Kg7 $18) 32... Nb6 33. g7 (33. Rh4 $142 Rf8 34. Rxb7 Nxd5 35. Rxc4) 33... Nxd5 34. Rh8+ Kxg7 35. R8h7+ (35. R6h7+ $18 {and White stays clearly on top.} Kg6 36. Rxe8 Kxh7 37. Rd8) 35... Kf8 $16 36. Rxb7 {[%cal Rh6h8]} Re7 37. Rh8+ (37. Rb8+ {is more complex.} Kg7 38. Rbh8 f5 39. R6h7+ Kf6 40. Rf8+) 37... Kf7 $1 38. Rh7+ Ke6 39. Rhxe7+ Nxe7 $14 {KR-KN} 40. Rb6 Kd5 41. c3 e4 42. Kd2 Nc6 43. Rxa6 {Strongly threatening Ke3.} Kc5 {[#]} (43... Ne5 $11 {keeps the balance.}) 44. Ke3 (44. Ra8 $1 $16) 44... d5 45. Ra8 Ne5 $1 46. Ra5+ Kd6 47. Ra6+ Kc5 48. Ra5+ {Blacks defense is rewarded with a draw. Av CentiPawn Loss W=-32/B=-32. Weighted=-40/-57} (48. Re6 $16) 1/2-1/2

[Event "42nd Arco Festival 2020"]
[Site "Arco"]
[Date "2020.10.14"]
[Round "6.11"]
[White "Molina, Fabrizio"]
[Black "Wollenweber, Carsten"]
[Result "1-0"]
[WhiteElo "2181"]
[BlackElo "2071"]
[Annotator "ChessBase"]
[PlyCount "81"]
[EventDate "2020.10.10"]
[EventType "swiss"]
[EventCountry "ITA"]
[SourceTitle "playchess.com"]
[Source "ChessBase"]
[SourceQuality "1"]
[TimeControl "40/5400+30:1800+30"]

1. c4 g6 2. g3 e5 3. Bg2 Bg7 4. Nc3 Nc6 5. Rb1 d6 6. b4 Rb8 7. d3 f5 8. b5 Nce7 9. Qa4 Ra8 10. b6+ c6 11. Nd5 Nxd5 12. cxd5 Bd7 13. dxc6 bxc6 14. b7 Rb8 15. Qxa7 Ne7 16. Bd2 O-O 17. Ba5 Qe8 18. Nh3 f4 19. Ng5 d5 20. O-O h6 21. Nf3 e4 22. dxe4 dxe4 23. Nd2 f3 24. exf3 exf3 25. Nxf3 Nd5 26. Rfe1 Qf7 27. Ne5 Qf5 28. Nxd7 Qxd7 29. Bxd5+ cxd5 30. Bd2 g5 31. a4 d4 32. a5 Qf5 33. Rf1 Be5 34. Qc5 Qf6 35. Qd5+ Kg7 36. Rb6 Qf5 37. Re6 Rbe8 38. Rxe8 Rxe8 39. a6 Qf6 40. a7 Rd8 41. Qe4 1-0

[Event "42nd Arco Festival 2020"]
[Site "Arco"]
[Date "2020.10.15"]
[Round "6.14"]
[White "Perman, Sergey"]
[Black "Kostov, Deyan Samuil"]
[Result "1/2-1/2"]
[WhiteElo "2154"]
[BlackElo "2065"]
[Annotator "NA"]
[PlyCount "53"]
[EventDate "2020.10.10"]
[EventType "swiss"]
[EventCountry "ITA"]
[SourceTitle "playchess.com"]
[Source "ChessBase"]
[SourceQuality "1"]
[TimeControl "40/5400+30:1800+30"]

1. c4 e5 2. g3 Nf6 3. Bg2 d5 4. cxd5 Nxd5 5. Nc3 Nb6 6. Nf3 Nc6 7. O-O Be7 8. d3 O-O 9. a4 a5 10. Be3 Be6 11. d4 exd4 12. Nxd4 Nxd4 13. Qxd4 Qxd4 14. Bxd4 c5 15. Be3 Nc4 $11 16. Nd5 Bxd5 17. Bxd5 Nxe3 18. fxe3 Bf6 19. Rac1 Rae8 20. Rf3 b6 21. b3 Bg5 22. Rc3 h5 23. h4 Bf6 24. Rd3 Be5 25. Kg2 g6 26. Bc4 Re7 27. Rf1 1/2-1/2

[Event "42nd Arco Festival 2020"]
[Site "Arco"]
[Date "2020.10.14"]
[Round "6.15"]
[White "Kierzek, Matthias"]
[Black "Lang, Alexander"]
[Result "1-0"]
[WhiteElo "2256"]
[BlackElo "1983"]
[Annotator "TA"]
[PlyCount "125"]
[EventDate "2020.10.10"]
[EventType "swiss"]
[EventCountry "ITA"]
[SourceTitle "playchess.com"]
[Source "ChessBase"]
[SourceQuality "1"]

{[%evp 9,125,25,60,45,131,142,199,181,162,185,277,291,395,306,325,314,318,278,277,258,336,324,358,341,346,349,333,158,181,145,260,241,291,219,216,212,223,202,195,204,230,147,168,162,191,172,176,169,150,144,265,142,162,64,429,423,579,580,573,535,567,353,368,379,361,272,252,252,252,249,247,240,244,210,217,211,216,159,288,283,285,278,369,359,352,266,425,461,447,456,426,380,450,449,506,405,575,572,714,707,714,707,685,654,731,726,921,877,912,879,1600,1447,1592,1308,1459,1258,2403,2252]} 1. d4 d5 2. c4 e6 3. Nf3 Nf6 4. Nc3 Be7 5. Bf4 Nbd7 6. Nb5 {D37: Queen's Gambit Declined: 5 Bf4.} e5 (6... Bb4+ $14 7. Nd2 e5 8. dxe5 Nh5) 7. dxe5 $16 {[#]} Bb4+ $146 (7... Ne4 $16 {is a better defense.}) ({Predecessor:} 7... Ne4 8. a3 a6 9. Nbd4 c5 10. Nf5 Qa5+ 11. Bd2 Nxd2 12. Qxd2 Qxd2+ 13. Kxd2 Bf8 14. cxd5 Nxe5 15. Nxe5 Bxf5 {0-1 (40) Salgado Duarte,P (1591)-Fermini Castillo,L (1714) Madrid 2015}) 8. Bd2 $18 {White is clearly better.} Bxd2+ 9. Qxd2 Ng4 (9... Ne4 $142 10. Qxd5 Nec5) 10. Qd4 ({Much less strong is} 10. cxd5 $6 a6 $18) 10... Nh6 11. cxd5 a6 12. Nc3 O-O 13. e4 Re8 14. e6 fxe6 15. dxe6 Nb6 16. Qxd8 Rxd8 17. Ng5 Ng4 18. h3 (18. Be2 $18 {and the rest is easy.} Nf6 19. f4) 18... Nf6 $16 19. e5 Ne8 (19... h6 $16 {keeps fighting.} 20. exf6 hxg5) 20. Be2 g6 21. Rd1 Rxd1+ 22. Bxd1 h6 23. Nge4 Bxe6 24. Nc5 Kf7 25. Bb3 Ng7 26. O-O Rb8 27. f4 Bxb3 28. axb3 Ne6 29. N3e4 Nd4 (29... Nd5 $16 {was called for.} 30. Nxe6 Kxe6) 30. g4 (30. Kf2 $18) 30... Nd5 31. f5 ({Better is} 31. Nc3 $18 Nxc3 32. bxc3) 31... Ne2+ $2 {[%mdl 8192] [#] Loses the game.} ({Black should try} 31... gxf5 $14 32. e6+ (32. gxf5 Ne3 $11) 32... Ke8) 32. Kh2 $18 g5 33. e6+ Ke8 34. f6 Nef4 35. Nd7 Ra8 36. f7+ Ke7 37. f8=Q+ Rxf8 38. Nxf8 Kxf8 {[%mdl 4096] Endgame KRN-KNN} 39. Nc5 b6 40. Nxa6 Ke7 41. Rc1 Nxe6 42. b4 {[%cal Bb3b4,Bb4b5][%mdl 32]} Kd6 43. Rc4 Ke5 (43... c6 $16 44. b5 cxb5) 44. b5 Kd6 45. Kg3 Ke5 46. h4 Ne3 47. Rc6 Nd5 (47... gxh4+ $142 48. Kxh4 Nd5) 48. h5 Ne7 49. Rc1 Nd5 50. Rc4 Kd6 51. Nb4 Ndf4 52. Nc2 Nd3 (52... Kd5 $142) 53. Ne3 {White is clearly winning.} Ne5 54. Nf5+ Kd5 55. Rc2 Nf7 56. Re2 Ne5 57. Nxh6 Nd4 58. Rf2 Nd3 59. Rd2 Ke4 60. Nf7 Ne6 61. Re2+ Kd5 62. h6 Ndf4 63. Re5+ {[%mdl 64] Double Attack. Av CentiPawn Loss W=-41/B=-81. Weighted=-41/-98} 1-0